NEWMAN and Carranza’s clinical periodontology
Guardat en:
| Autor principal: | |
|---|---|
| Format: | Llibre |
| Idioma: | anglès |
| Publicat: |
Elsevier
2019
|
| Etiquetes: |
Afegir etiqueta
Sense etiquetes, Sigues el primer a etiquetar aquest registre!
|
MARC
| LEADER | 00000nam a22000007a 4500 | ||
|---|---|---|---|
| 008 | 201215b ||||| |||| 00| 0 eng d | ||
| 020 | |a 978-0-323-52300-4 | ||
| 100 | |a NEWMAN,G. M. … [et al.] | ||
| 245 | |a NEWMAN and Carranza’s clinical periodontology |c Michael G. Newman… [et al.] |g xxiii, 913p.; ill. | ||
| 250 | |b 13th ed. | ||
| 260 | |b Elsevier |c 2019 |h Philadelphia, PA |i 685075 |l RK361 .N42 |m Periodontology. | ||
| 500 | |a It includes references and index | ||
| 942 | |a lcc |c BK |e ADEYEYE Y. S. |f 15/12/2020 | ||
| 952 | |0 0 |1 0 |2 lcc |4 0 |6 RK0361 N42 |7 0 |9 520 |a HOL |b HOL |c QZ |d 2020-12-15 |l 0 |o RK361 .N42 |p 2020-2246 |r 2020-12-15 00:00:00 |w 2020-12-15 |y BK | ||
| 999 | |c 277 |d 277 | ||